|
|
|
|
| LEADER |
01923nam a2200457Ia 4500 |
| 001 |
EBC557260 |
| 003 |
MiAaPQ |
| 005 |
20200520144314.0 |
| 006 |
m o d | |
| 007 |
cr cn||||||||| |
| 008 |
091029s2010 enkab sb 001 0 eng d |
| 010 |
|
|
|z 2009045805
|
| 020 |
|
|
|z 9780415489997
|
| 020 |
|
|
|z 0415489997
|
| 020 |
|
|
|z 9780203851807
|
| 020 |
|
|
|z 0203851803
|
| 035 |
|
|
|a (MiAaPQ)EBC557260
|
| 035 |
|
|
|a (Au-PeEL)EBL557260
|
| 035 |
|
|
|a (CaPaEBR)ebr10413125
|
| 035 |
|
|
|a (CaONFJC)MIL273329
|
| 035 |
|
|
|a (OCoLC)658059132
|
| 040 |
|
|
|a MiAaPQ
|c MiAaPQ
|d MiAaPQ
|
| 050 |
|
4 |
|a G155.P713
|b T68 2010
|
| 082 |
0 |
4 |
|a 304.20911
|2 22
|
| 245 |
0 |
0 |
|a Tourism and change in polar regions
|h [electronic resource] :
|b climate, environment and experiences /
|c [edited by] C. Michael Hall and Jarkko Saarinen.
|
| 260 |
|
|
|a Milton Park, Abingdon, Oxon, [England] ;
|a New York :
|b Routledge,
|c c2010.
|
| 300 |
|
|
|a xviii, 318 p. :
|b ill., maps.
|
| 490 |
1 |
|
|a Routledge studies in contemporary geographies of leisure, tourism, and mobility ;
|v 16
|
| 504 |
|
|
|a Includes bibliographical references and index.
|
| 533 |
|
|
|a Electronic reproduction. Ann Arbor, MI : ProQuest, 2015. Available via World Wide Web. Access may be limited to ProQuest affiliated libraries.
|
| 650 |
|
0 |
|a Tourism
|z Polar Regions.
|
| 650 |
|
0 |
|a Tourism
|x Environmental aspects
|z Polar Regions.
|
| 650 |
|
0 |
|a Tourism
|x Environmental aspects
|z Polar Regions
|v Case studies.
|
| 651 |
|
0 |
|a Polar regions
|x Environmental conditions.
|
| 651 |
|
0 |
|a Polar regions
|x Environmental conditions
|v Case studies.
|
| 655 |
|
4 |
|a Electronic books.
|
| 700 |
1 |
|
|a Hall, Colin Michael,
|d 1961-
|
| 700 |
1 |
|
|a Saarinen, Jarkko,
|d 1968-
|
| 710 |
2 |
|
|a ProQuest (Firm)
|
| 830 |
|
0 |
|a Routledge studies in contemporary geographies of leisure, tourism, and mobility ;
|v 16.
|
| 856 |
4 |
0 |
|u https://ebookcentral.proquest.com/lib/matrademy/detail.action?docID=557260
|z Click to View
|